Vista normal
Vista MARC
Entrada Nombre Corporativo
Número de registros utilizados en: 1
001 - NUMERO DE CONTROL
- control field: 27185
003 - CONTROL NUMBER IDENTIFIER
- control field: AR-RoUNA
005 - FECHA Y HORA DE LA ÚLTIMA TRANSACCIÓN
- control field: 20250521101502.0
008 - ELEMENTOS DE DATOS DE LONGITUD FIJA
- fixed length control field: 250521|| aca||aabn | a|a d
040 ## - FUENTE DE CATALOGACIÓN
- Original cataloging agency: AR-RoUNA
- Transcribing agency: AR-RoUNA
110 ## - NOMBRE CORPORATIVO
- Nombre corporativo: Argentina. Universidad Nacional del Sur.
- Subordinate unit: Departamento de Geografía
670 ## - SOURCE DATA FOUND
- Source citation: Work cat.: (AR-RoUNA)11994: Argentina. Universidad Nacional del Sur. Departamento de Geografía., Revista Universitaria de Geografía, 1985